Ročenka ... Ministerstvo kultúry SR

Bibliographic Details
Other Authors: Bakoš, Samuel, 1932-2022 (Compiler)
Format: Journal
Language:Slovak
PhysicalDescription:4 zv. 21 cm
Published: Bratislava Správa kultúrnych zariadení MK SR 1995-[1998]
ISBN:8088758084
8088758033
8088758041
8088758068
Subjects:

MARC

LEADER 00000cas a2200000 a 4500
001 vtls001357059
003 SK-MaSNL
005 20260228155712.0
008 160415d19951998xo ar|p y 0yy0b0slo
020 |a 8088758084 
020 |a 8088758033 
020 |a 8088758041 
020 |a 8088758068 
035 |a SNK000310551 
040 |a SNK  |b slo  |c SNK  |e AACR2 
041 0 |a slo 
044 |a xo  |c SK 
072 7 |a 316.7  |x Sociológia kultúry. Kultúrny život  |2 konspekt 
072 7 |a 06  |x Organizácie všeobecnej povahy  |2 konspekt 
080 |a 050  |2 2001 
080 |a 316.7  |2 2011 
080 |a 316.7:061  |2 2011 
080 |a (058)  |2 2011 
080 |a (047.1)  |2 2011 
245 0 0 |a Ročenka ...  |b Ministerstvo kultúry SR 
246 1 3 |a Ročenka - Ministerstvo kultúry SR 
260 |a Bratislava  |b Správa kultúrnych zariadení MK SR  |c 1995-[1998] 
300 |a 4 zv.  |c 21 cm 
310 |a 1x ročne 
362 0 |a 1995-[1998] 
500 |a Súčasťou názvu je označenie bežného kalendárneho roku 
500 |a Zost.: 1996-1998, Samuel Bakoš 
500 |a Pravdepodne ukončené vydávanie - r. 1998 
610 1 7 |a Slovensko.  |b Ministerstvo kultúry  |2 SNKKA  |9 145780 
650 0 7 |a kultúra  |2 SNKPH  |9 886 
650 0 7 |a kultúrne inštitúcie a organizácie  |2 SNKPH  |9 112538 
655 7 |a výročné správy  |2 SNKPH  |9 70580 
655 7 |a ročenky  |2 SNKPH  |9 57146 
700 1 |a Bakoš, Samuel,  |d 1932-2022  |4 com  |9 200555 
850 |a Slovenská národná knižnica v Martine 
910 |a snk 
919 |a 80-88758-08-4 
919 |a 80-88758-03-3 
919 |a 80-88758-04-1 
919 |a 80-88758-06-8 
999 |c 270  |d 270 
952 |0 0  |1 0  |4 0  |7 0  |8 1  |a SNK  |b SNK  |d 2020-11-27  |i snk2020/21330  |l 0  |o snkČSD 2012/1996  |p 17A1432127  |r 2026-02-21 19:24:18  |w 2026-02-21  |y PREZ  |z Prílohy: Banskobystrický kraj - mapa 
952 |0 0  |1 0  |4 0  |7 0  |8 1  |a SNK  |b SNK  |d 2022-08-31  |i snk2022/13158  |l 0  |o snkČSD 2012/1997  |p 17A1463651  |r 2026-02-21 20:09:57  |w 2026-02-21  |y PREZ 
952 |0 0  |1 0  |4 0  |7 0  |a SNK  |b SNK  |d 1996-09-25  |i snkKSP 7839/96  |l 0  |o snkČSD 2012/1995  |p 17A0083273  |r 2005-01-01 00:00:00  |w 2026-02-21  |y PREZ 
952 |0 0  |1 0  |4 0  |7 0  |a SNK  |b SNK  |d 1999-03-10  |i snkKSP 2411/99  |l 0  |o snkČSD 2012/1998  |p 17A0183722  |r 2005-01-02 00:00:00  |w 2026-02-21  |y PREZ 
952 |0 0  |1 0  |4 0  |7 0  |a SNK  |b SNK  |d 1999-03-10  |i snkKSP 2412/99  |l 0  |o snkČSD 2012/1998 D1  |p 17A0183723  |r 2005-01-02 00:00:00  |w 2026-02-21  |y PREZ